000 00765nam a2200169 4500
008 180104b xxu||||| |||| 00| 0 eng d
020 _a0313252807
082 _21986
_aDC 355.00973
_bAg86
245 _aAgainst all enemies :
_b interpretations of American military history from colonial times to the present /
_c edited by Kenneth J. Hagan and William R. Roberts ; foreword by Martin R. Hoffmann and Fred C. Weyand.
260 _aNew York :
_bGreenwood Press,
_c©1986.
300 _axxii, 393 pages :
_billustrations ;
_c25 cm,
500 _aIncludes bibliographical references and index.
650 0 _925459
_aUnited States
_xHistory, Military
700 _925460
_aHagan, Kenneth J., editor.
700 _925461
_a Roberts, William R., editor.
942 _2ddc
_cDC
999 _c8231
_d8231